01209nam a2200313Ia 450000500170000000800370001702000180005404100080007210000320008024501090011225000220022130000570024349000550030050000580035552100360041353400090044965000500045865000540050865000330056265000380059570000400063370000390067326400490071233600270076133700330078833800280082104000350084908400110088420220317001709.0170328s2014 m a g 000 f s a9789681654405 aspa1 aMacLachlan, Patriciad1938-10aBebécPatricia MacLachlan ; ilustrado por Mauricio Gómez Morin ; traducción Rafael Segovia Albán aPriemra edición a120 páginasbilustraciones a blanco y negroc19 cm aA la orilla del viento : para los grandes lectores aIncluye datos biográficos de la autora e ilustrador aRecomendado desde los 12 años tBaby142LEMBaNovela juvenil estadounidenseySiglo XX142LEMBaLiteratura juvenil estadounidenseySiglo XX142LEMBaBebes en la literatura142LEMBaAdopción en la literatura1 aGómez Morin, Mauricioeilustrador1 aSegovia Albán, Rafaeletraductor aMéxicobFondo de Cultura Económicac2014 atextobtxt2rdacontent asin mediaciónbn2rdamedia avolumenbnc2rdacarrier aCO-BoRNBPbspaerdacCO-BoRNBP aN MAC3